Liveable cities (Record no. 112026)

MARC details
000 -LEADER
fixed length control field 00734cad a22001815a 4500
001 - CONTROL NUMBER
control field E152375
008 - FIXED-LENGTH DATA ELEMENTS--GENERAL INFORMATION
fixed length control field 110228s2010 xxk f 000 0 eng d
035 ## - SYSTEM CONTROL NUMBER
System control number (Sirsi) u152375
041 0# - LANGUAGE CODE
Language code of text/sound track or separate title eng
110 2# - MAIN ENTRY--CORPORATE NAME
Corporate name or jurisdiction name as entry element Economist Intelligence Unit
9 (RLIN) 72
245 00 - TITLE STATEMENT
Title Liveable cities
Remainder of title challenges and opportunities for policymakers
Medium [electronic resource]
260 ## - PUBLICATION, DISTRIBUTION, ETC.
Place of publication, distribution, etc. London
Name of publisher, distributor, etc. EIU
Date of publication, distribution, etc. 2010
520 ## - SUMMARY, ETC.
Summary, etc. A report, commissioned by Philips, which looks at city residents' requirements and how these can be delivered by policymakers.
651 #4 - SUBJECT ADDED ENTRY--GEOGRAPHIC NAME
Geographic name International
690 ## - LOCAL SUBJECT ADDED ENTRY--TOPICAL TERM (OCLC, RLIN)
Topical term or geographic name as entry element Planning and development
9 (RLIN) 6259
856 40 - ELECTRONIC LOCATION AND ACCESS
Uniform Resource Identifier <a href="https://www.europeanvoice.com/GED/00020000/22400/22491.pdf">https://www.europeanvoice.com/GED/00020000/22400/22491.pdf</a>
Public note View the item free of charge at www.europeanvoice.com
942 ## - ADDED ENTRY ELEMENTS (KOHA)
Suppress in OPAC 0
Holdings
Withdrawn status Lost status Source of classification or shelving scheme Damaged status Not for loan Home library Current library Shelving location Date acquired Total Checkouts Full call number Barcode Date last seen Copy number Price effective from Koha item type
    Dewey Decimal Classification     Virtual Virtual Online 28/02/2011   ONLINE PUBLICATION 152375-2001 06/08/2019 1 06/08/2019 Book